| 000 | 00000nam##2200000za#4500 |
| 001 | 9.571222 |
| 003 | CaOODSP |
| 005 | 20210624182623 |
| 007 | cr ||||||||||| |
| 008 | 150406|1994||||xxc|||||o f|0| 0 eng|d |
| 040 | |aCaOODSP|beng |
| 043 | |an-cn--- |
| 086 | 1 |aEn1-17/14-1994E-PDF |
| 110 | 1 |aCanada.|bEnvironment Canada. |bTechnology Development Section. |
| 245 | 10|aIndustrial wastewater. ZenoGem membrane bioreactor for the treatment of oily wastes |h[electronic resource] |
| 260 | |aMontreal - Quebec : |bEnvironment Canada. |cMarch 1994. |
| 300 | |a4p.|bfig., tables, photographs |
| 490 | 1 |aSt. Lawrence technologies |
| 590 | |a12-02-Supp|b2012-01-20 |
| 690 | 07|aDecontamination|2gcpds |
| 690 | 07|aIndustrial waste|2gcpds |
| 775 | 08|tEaux usées industrielles. Bioréacteur à membrane ZénoGem pour le traitement de résidus huileux |w(CaOODSP)9.601848 |
| 776 | 0#|tIndustrial wastewater: ZenoGem membrane bioreactor for the treatment of oily wastes / |w(CaOODSP)9.612475 |
| 830 | #0|aSt. Lawrence technologies.|w(CaOODSP)9.504441 |
| 856 | 40|ahttp://publications.gc.ca|qPDF|s451 KB|uhttps://publications.gc.ca/collections/Collection/En1-17-14-1994E.pdf |